A teia de trevas / (Record no. 525)

MARC details
000 -LÍDER
campo de controle de tamanho fixo 01255nam a22002894a 4500
001 - NÚMERO DE CONTROLE
campo de controle 525
003 - IDENTIFICADOR DO NÚMERO DE CONTROLE
campo de controle BR-RjBN
005 - DATA E HORÁRIO DA ÚLTIMA TRANSAÇÃO
campo de controle 20260525084942.0
008 - CAMPO DE DADOS FIXOS--INFORMAÇÃO GERAL
campo de controle de tamanho fixo 000000s1980 rj 000 f por d
040 ## - FONTE DA CATALOGAÇÃO
Idioma da catalogação por
041 1# - CÓDIGO DE IDIOMA
Código do idioma do texto/trilha sonora ou título diferente por
Código do idioma do original e/ou traduções intermediárias do texto eng
082 ## - CDD - CLASSIFICAÇÃO DECIMAL DE DEWEY
Número de Classificação 813
Número do exemplar B811t
100 1# - ENTRADA PRINCIPAL--NOME PESSOAL
Nome pessoal Bradley, Marion Zimmer.
245 12 - TÍTULO
Título A teia de trevas /
Indicação de responsabilidade, etc. Marion Zimmer Bradley.
250 ## - EDIÇÃO
Declaração de edição 2. ed.
260 ## - PUBLICAÇÃO, DISTRIBUIÇÃO, ETC.
Local de publicação, distribuição, etc. Rio de Janeiro :
Nome do editor, distribuidor, etc. Imago,
Data da publicação, distribuição, etc. 1980.
300 ## - DESCRIÇÃO FÍSICA
Extensão 244 p. ;
490 1# - TÍTULO DA SÉRIE
Título da série A queda de Atlântida ;
Número do volume ou designação sequencial da série 2
520 ## - NOTA DE RESUMO, ETC.
Resumo, etc. Segundo volume da série “A queda de Atlântida”, a obra mistura fantasia, magia e conflitos políticos em um universo marcado por sociedades antigas e forças sobrenaturais. A narrativa acompanha personagens envolvidos em intrigas, disputas de poder e batalhas espirituais que ameaçam o destino de Atlântida. Com elementos místicos e forte construção psicológica, Marion Zimmer Bradley desenvolve uma trama envolvente sobre ambição, lealdade e decadência de uma civilização lendária.
650 #0 - ASSUNTO--TERMO TÓPICO
Cabeçalho tópico ou nome geográfico Literatura norte-americana.
650 #0 - ASSUNTO--TERMO TÓPICO
Cabeçalho tópico ou nome geográfico Fantasia.
9 (RLIN) 45
650 #0 - ASSUNTO--TERMO TÓPICO
Cabeçalho tópico ou nome geográfico Magia.
9 (RLIN) 785
650 #0 - ASSUNTO--TERMO TÓPICO
Cabeçalho tópico ou nome geográfico Civilizações antigas.
655 #0 - TERMO DE ÍNDICE--GÊNERO E FORMA
Gênero/forma/ou termo foco Romance.
655 #0 - TERMO DE ÍNDICE--GÊNERO E FORMA
Gênero/forma/ou termo foco Ficção.
942 ## - ELEMENTOS DE ENTRADA ADICIONADOS (KOHA)
Fonte de classificação ou esquema de arquivamento Classificação decimal de Dewey
Ocultar no OPAC Não
Tipo de material Koha Livros
Holdings
Situação do descarte Situação das perdas Fonte de classificação ou esquema de arquivamento Status danificado Não pode ser emprestado Coleção Biblioteca de origem Biblioteca atual Localização na estante Data de aquisição Fonte de aquisição Total de empréstimos Número de chamada completo Código de barras Data de último acesso Data do preço efetivo Tipo de material Koha
    Classificação decimal de Dewey     Ficção Biblioteca Professor Eduardo Afonso de Castro Biblioteca Professor Eduardo Afonso de Castro Literatura Estrangeira 25.05.2026 doação   813 / B811t 2026-17461 25.05.2026 25.05.2026 Livros

Powered by Koha